SOBRE EL TRABAJO HUMANO: COMENTARIOS A LA ENCICLICA "LABOREM EXERCENS" /

Guardat en:
Dades bibliogràfiques
Altres autors: Gutiérrez, Gustavo (autor) (autor)
Format: Llibre
Matèries:
Etiquetes: Afegir etiqueta
Sense etiquetes, Sigues el primer a etiquetar aquest registre!

MARC

LEADER 00000nam^a2200000^a^4500
001 000224691
005 20250521000000.0
009 20260310104058.916
035 |a 011706 
037 |a Acervo Xavier Clavigero 
082 |a 262. 91  |b SOB 
245 1 0 |a SOBRE EL TRABAJO HUMANO:  |b COMENTARIOS A LA ENCICLICA "LABOREM EXERCENS" /  |c GUSTAVO GUTIERREZ ...[ ET. AL.] 
264 |a Lima, Perú :  |b Centro de Estudios y Publicaciones,  |c 1982 
300 |a 163p. 
336 |a texto  |b txt  |2 rdacontenido 
337 |a sin mediación  |b n  |2 rdamedio 
338 |a volumen  |b nc  |2 rdasoporte 
649 |a XX 
650 |a Encíclicas 
650 |a Trabajo 
700 |a Gutiérrez, Gustavo  |e (autor) 
910 |a Fondo General 
920 |a Impresos - Libros 
930 |a Colección General 
905 |a 101 
901 |a 011706  |b IT1  |c ACC  |i 011706  |u 20250521 
902 |a https://opac.biblio.iteso.mx/vufind/Record/000224691